000 01022cam a22002654a 4500
001 3820
005 20250903084344.0
020 _a9780516234946
040 _aDLC
_cDLC
_dDLC
_beng
050 0 0 _aLA205.F5
_b2002
082 0 0 _a370.973
100 1 _aThomas, Mark
_d1963 September 8-
245 1 0 _aSchool in Colonial America /
_cby Mark Thomas
260 _aNew York :
_bChildren's Press,
_c2002
300 _a24 pages :
_bcolor illustrations ;
_c16 cm .
490 _aWelcome Books
505 _aJ
520 _aWhat was life like before electricity, gas stoves, and the telphone? Students will have fun learn what life was like hundreds of years ago. From clothing and food to games and school, readers will find out about day-to-day life during the colonial times.
521 _a460
_bLexile
521 _aJ
_bRaz-Plus
650 0 _aEducation
_zUnited States
_xHistory
_vJuvenile literature.
650 1 _aSchools
_xHistory.
906 _a7
_bcbc
_corignew
_d1
_eocip
_f20
_gy-gencatlg
942 _2ddc
_cBK
_n0
999 _c3820
_d3820